The United States 21th Century by Pictures - Statistics

General Stats
  • This quiz has been taken 86 times
  • The average score is 16 of 28
Answer Stats
Picture Hint Answer % Correct
2001 9/11 attack at WTC
100%
2009 bitcoin released
90%
2007 first-generation iPhone released
88%
2011 Osama bin Laden killed
79%
2026 FIFA World Cup will be hosted by Canada, USA and Mexico
77%
2005 hurricane Katrina
74%
2020 Black Lives Matter riots following the death of George Floyd
73%
2003 Lord of the Rings: The Return of the King released, later winning 11 Academy Awards
73%
2010 Baby by Justin Bieber ft. Ludacris becomes the most viewed video on YouTube
72%
2025 Trial of P. Diddy over sex trafficking scandal
72%
2022 ChatGPT released by OpenAI
64%
2004 TheFacebook created by M. Zuckerburg (et al.)
64%
2023 Titan implodes near the Titanic
63%
2021 Trump's supporters attack the Capitol on Jan 6th
62%
2019 Jeffrey Epstein's death
58%
2017 solar eclipse visible from the entirety of the US
57%
2015 same-sex marriage made federally legal by the Supreme Court
54%
2024 Simone Biles breaks records at the Summer Olympics
54%
2027 Avengers: Secret Wars set to be released
53%
2006 Kobe Bryant scores 81 points
40%
2014 ebola outbreak
32%
2008 Global financial crisis hits in full force
30%
2012 Lance Armstrong found guilty of doping and removed from records since 1998
28%
2013 E. Snowden leaks NSA global surveillance programs and flees to Russia
25%
2018 Meghan Markle marries Prince Harry
23%
2002 Michael Jackson hangs his baby from a balcony
23%
2016 "Moonlight" wins the Academy Award for the Best Picture but "La La Land" is erroneously announced
23%
2000 Recount of Florida votes during the Bush v. Gore election
14%
No matching quizzes found
Score Distribution
Percent of People with Each Score
Percentile by Number Answered
Your Score History
You have not taken this quiz